Horror movie villains - Statistics

General Stats
  • This quiz has been taken 101 times
  • The average score is 16 of 24
Answer Stats
Hint Answer % Correct
Michael Myers Halloween
98%
Ghostface Scream
96%
Freddy Krueger A Nightmare on Elm Street
94%
Jason Voorhees Friday the 13th
94%
Jigsaw Saw
94%
Pennywise It
93%
Chucky Child's Play
92%
Hannibal Lecter The Silence of the Lambs
86%
Norman Bates Psycho
83%
Pinhead Hellraiser
82%
Xenomorphs Alien
81%
Carrie White Carrie
81%
Jack Torrance The Shining
80%
The Babadook The Babadook
74%
Samara Morgan The Ring
73%
Annie Wilkes Misery
54%
Damien Thorn The Omen
40%
The Fisherman I Know What You Did Last Summer
37%
The Man with the Fire in His Face/ The Red Face Demon Insidious
33%
Buhguul / Mr Boogie Sinister
32%
Bathsheba The Conjuring
32%
Kayako Saeki Ju-on: The Grudge
30%
Brahms The Boy
27%
The Man Hush
7%
No matching quizzes found
Score Distribution
Percent of People with Each Score
Percentile by Number Answered
Your Score History
You have not taken this quiz